| 000 | 00744nam a2200217Ia 4500 | ||
|---|---|---|---|
| 003 | GCL | ||
| 005 | 20240530110907.0 | ||
| 008 | 140319s1994 ua g b 000 0 ara d | ||
| 017 | _a93/5819 | ||
| 040 |
_aGCL / _cGCL |
||
| 082 | 0 | 4 |
_a907.2/ _bع م |
| 100 | 0 | _aعبدالرحمن عبدالله الشيخ | |
| 245 | 1 | 2 |
_aالمدخل الى علم التاريخ / _cعبدالرحمن عبدالله الشيخ |
| 260 |
_aالقاهرة : _bالمكتبة الاكاديمية ، _c1994 |
||
| 300 |
_a199 ص. ؛ _c24 سم. |
||
| 504 | _aيشتمل على ارجاعات ببليوجرافية | ||
| 650 | 0 | 7 |
_2qrmak _aتاريخ |
| 650 | 0 | 7 |
_2qrmak _aالحضارة |
| 650 | 0 | 7 |
_2qrmak _aالتاريخ الاسلامى |
| 942 |
_2ddc _cBK |
||
| 999 |
_c66237 _d66237 |
||